STN EN 60695-7-1: 2011 (34 5630) Skúšanie nebezpečenstva požiaru Časť 7-1 Toxicita splodín horenia. Všeobecné pokyny
Táto norma je slovenskou verziou európskej normy EN 60695-7-1: 2010. Preklad zabezpečil Slovenský ústav technickej normalizácie. Má rovnaké postavenie ako majú oficiálne verzie
| Corporate Author: | |
|---|---|
| Other Authors: | |
| Format: | Book |
| Language: | Slovak English |
| PhysicalDescription: | 24 s. obr. , tab. 30 cm |
| Published: |
Bratislava
Slovenský ústav technickej normalizácie
2011
|
| Subjects: |
MARC
| LEADER | 00000nam a2200000 a 4500 | ||
|---|---|---|---|
| 001 | vtls010269334 | ||
| 003 | SK-MaSNL | ||
| 005 | 20260512081402.0 | ||
| 008 | 160628s2011 xo ka f u 000 0 slo | ||
| 015 | |a SNBN2013 | ||
| 020 | |c (cen. skup. 12) | ||
| 040 | |a SNK |b slo |c SNK |e AACR2 | ||
| 041 | 1 | |a slo |h eng | |
| 044 | |a xo |c SK | ||
| 046 | |a s |m 201104 (účin.) | ||
| 072 | 7 | |a 614.84 |x Požiare. Ochrana pred požiarmi |2 konspekt | |
| 080 | |a 614.841.1/.2 |2 2001 | ||
| 080 | |a 006.7/.8 |2 2001 | ||
| 080 | |a (437.6) |2 2001 | ||
| 080 | |a (4) |2 2001 | ||
| 084 | |a 13.220.40 |2 ICS | ||
| 084 | |a 29.020 |2 ICS | ||
| 130 | 0 | |a STN 34 5630 (STN EN 60695-7-1) |9 652532 | |
| 245 | 1 | 0 | |a STN EN 60695-7-1: 2011 (34 5630) Skúšanie nebezpečenstva požiaru |n Časť 7-1 |p Toxicita splodín horenia. Všeobecné pokyny |
| 246 | 1 | 0 | |a Skúšanie nebezpečenstva požiaru. Časť 7-1 |
| 246 | 1 | 0 | |a Toxicita splodín horenia |
| 246 | 1 | 0 | |a Všeobecné pokyny |
| 246 | 3 | 0 | |a EN 60695-7-1: 2010 E |
| 260 | |a Bratislava |b Slovenský ústav technickej normalizácie |c 2011 | ||
| 300 | |a 24 s. |b obr. , tab. |c 30 cm | ||
| 500 | |a Súbežný názov v angličtine, francúzštine, nemčine | ||
| 500 | |a Táto norma nahrádza STN EN 60695-7-1 z apríla 2005 v celom rozsahu | ||
| 500 | |a Spracovateľ STAVBA a POŽIAR Banská Bystrica, František Gilian | ||
| 504 | |a Citované normy, súvisiace právne predpisy s. 2 ; literatúra s. 23 | ||
| 520 | 8 | |a Táto norma je slovenskou verziou európskej normy EN 60695-7-1: 2010. Preklad zabezpečil Slovenský ústav technickej normalizácie. Má rovnaké postavenie ako majú oficiálne verzie | |
| 540 | |a STN vydané na akomkoľvek nosiči sa môžu rozmnožovať a rozširovať iba so súhlasom určenej právnickej osoby |b SÚTN Bratislava |c zákon 264/1999 Z.z. | ||
| 650 | 0 | 7 | |a nebezpečenstvo požiaru |2 SVKBBPH |9 652533 |
| 650 | 0 | 7 | |a ochrana proti požiaru |2 SVKBBPH |9 391625 |
| 650 | 0 | 7 | |a technické normy a štandardy |z Slovensko |2 SVKBBPH |9 79594 |
| 650 | 0 | 7 | |a technické normy a štandardy |z krajiny Európskej únie |2 SVKBBPH |9 289341 |
| 655 | 7 | |a normy |2 SVKBBPH |9 70643 | |
| 700 | 1 | |a Gilian, František |4 trl |9 326366 | |
| 710 | 2 | |a STAVBA a POŽIAR (Banská Bystrica, Slovensko) |4 aut |9 330181 | |
| 710 | |a Slovenský ústav technickej normalizácie (Bratislava, Slovensko). |b Technická komisia č. 53 Káble a elektroizolačné materiály |4 stn |9 311849 | ||
| 774 | 1 | 8 | |t STN EN 60695-7-1: 2005 |d Bratislava: Slovenský ústav technickej normalizácie, 2005 |w vtls009734593 |
| 852 | |a Štátna vedecká knižnica v Banskej Bystrici | ||
| 958 | |a OP | ||
| 958 | |a NB | ||
| 999 | |c 1007106 |d 1009036 | ||
| 952 | |a SNK |b SNK |y PREZ |7 0 |p 17A0701480 |o snkSTN EN 60695-7-1 |i snk2011/9175 |8 0 |0 0 |1 0 |4 0 |d 2011-04-20 |l 0 |r 2026-02-24 12:39:51 |w 2026-02-24 | ||
| 952 | |a SNK |b SNK |y PREZ |7 0 |p 17A0701479 |o snkSTN EN 60695-7-1 D1 |i snk2011/9176 |8 0 |0 0 |1 0 |4 0 |d 2011-04-20 |l 0 |r 2026-02-24 12:39:51 |w 2026-02-24 | ||


